Statistics for Tom H_____

Click here to take the quiz!

General Stats

  • This quiz has been taken 19 times
  • The average score is 4 of 16

Answer Stats

HintAnswer% Correct
Actor in Forrest GumpTom Hanks
93%
Actor in VenomTom Hardy
73%
Actor in Thor: RagnarokTom Hiddleston
67%
Actor in Spider Man: HomecomingTom Holland
53%
Fashion DesignerTommy Hilfiger
40%
Former American BoxerThomas Hearns
20%
Former Cowboys LinebackerThomas Henderson
20%
English Philosopher (16th Century)Thomas Hobbes
13%
AFL FootballerTom Hawkins
7%
Retired American BasketballerTom Heinsohn
7%
Former MLB releif pictherTom Henke
7%
YouTube StarTom Harlock
0%
Actor in Bohemian RhapsodyTom Hollander
0%
British/Australian Film DirectorTom Hooper
0%
Actor in TV Show MerlinTom Hopper
0%
German Tennis PlayerTommy Haas
0%

Score Distribution

Percentile by Number Answered

Percent of People with Each Score

Your Score History

You have not taken this quiz